Statistics for Post Malone Discography

Click here to take the quiz!

General Stats

  • This quiz has been taken 157 times
    (68 since last reset)
  • The average score is 3 of 5

Answer Stats

TypeYearName% Correct
Album2018Beerbongs & Bentleys
92%
Album2019Hollywood's Bleeding
92%
Album2016Stoney
83%
Album2022Twelve Carat Toothache
58%
Mixtape2016August 26th
17%

Score Distribution

Percentile by Number Answered

Percent of People with Each Score

Your Score History

You have not taken this quiz since the last reset